Եղիա Տեմիրճիպաշյան. կյանքը և գործը կամ «Միշտ ճամբան փնտռող մարդը պիտի ըլլամ» / (Record no. 539130)
[ view plain ]
| 000 -LEADER | |
|---|---|
| fixed length control field | 01569nam a2200289 a 4500 |
| 001 - CONTROL NUMBER | |
| control field | 2034109 |
| 003 - CONTROL NUMBER IDENTIFIER | |
| control field | AM-YEHGA |
| 005 - DATE AND TIME OF LATEST TRANSACTION | |
| control field | 20260310093325.0 |
| 008 - FIXED-LENGTH DATA ELEMENTS--GENERAL INFORMATION | |
| fixed length control field | 251002s2025 ai o|||gr|||||001|0|arm|d |
| 020 ## - INTERNATIONAL STANDARD BOOK NUMBER | |
| International Standard Book Number | 978-9939-58-389-1 |
| 040 ## - CATALOGING SOURCE | |
| Original cataloging agency | AM-YEHGA |
| 041 0# - LANGUAGE CODE | |
| Language code of text/sound track or separate title | arm |
| 044 ## - COUNTRY OF PUBLISHING/PRODUCING ENTITY CODE | |
| MARC country code | ai |
| 100 1# - MAIN ENTRY--PERSONAL NAME | |
| Personal name | Դեմիրճյան, Պետրոս Հակոբի, |
| Dates associated with a name | 1950- |
| 9 (RLIN) | 2557 |
| 245 10 - TITLE STATEMENT | |
| Title | Եղիա Տեմիրճիպաշյան. կյանքը և գործը կամ «Միշտ ճամբան փնտռող մարդը պիտի ըլլամ» / |
| Statement of responsibility, etc. | Պ.Հ. Դեմիրճյան ; ՀՀ ԳԱԱ, Մ. Աբեղյանի անվան գրականության ինստիտուտ. |
| 260 ## - PUBLICATION, DISTRIBUTION, ETC. | |
| Place of publication, distribution, etc. | Երևան ։ |
| Name of publisher, distributor, etc. | «ՀԳՄ հրատարակչություն», |
| Date of publication, distribution, etc. | 2025. |
| 300 ## - PHYSICAL DESCRIPTION | |
| Extent | 600 էջ ։ |
| Other physical details | լուսանկար ; |
| Dimensions | 21 սմ. |
| 504 ## - BIBLIOGRAPHY, ETC. NOTE | |
| Bibliography, etc. note | Օգտագործված գրականության ցանկ՝ 577-580։ |
| 504 ## - BIBLIOGRAPHY, ETC. NOTE | |
| Bibliography, etc. note | Պարբերական մամուլում հրապարակումների ցանկ՝ էջ 581-592։ |
| 504 ## - BIBLIOGRAPHY, ETC. NOTE | |
| Bibliography, etc. note | Հեղինակների ծածկանունների ցանկ՝ էջ 593-595։ |
| 504 ## - BIBLIOGRAPHY, ETC. NOTE | |
| Bibliography, etc. note | Տողատակերում՝ մատենագիտական ծանոթագրություններ։ |
| 600 14 - SUBJECT ADDED ENTRY--PERSONAL NAME | |
| Personal name | Տեմիրճիպաշյան, Եղիա, |
| Dates associated with a name | 1851-1908 |
| 9 (RLIN) | 3982 |
| 650 14 - SUBJECT ADDED ENTRY--TOPICAL TERM | |
| Topical term or geographic name entry element | Արևմտահայ գրողներ |
| Form subdivision | Կենսագրություն |
| 650 14 - SUBJECT ADDED ENTRY--TOPICAL TERM | |
| Topical term or geographic name entry element | Գրական քննադատություն |
| 710 2# - ADDED ENTRY--CORPORATE NAME | |
| Corporate name or jurisdiction name as entry element | ՀՀ Գիտությունների ազգային ակադեմիա : |
| Subordinate unit | Մ. Աբեղյանի անվան գրականության ինստիտուտ |
| 942 ## - ADDED ENTRY ELEMENTS (KOHA) | |
| Source of classification or shelving scheme | Universal Decimal Classification |
| Koha item type | Գրքեր / Books |
| Withdrawn status | Lost status | Source of classification or shelving scheme | Damaged status | Not for loan | Collection | Home library | Current library | Date acquired | Total checkouts | Full call number | Barcode | Date last seen | Price effective from | Koha item type | Public note |
|---|---|---|---|---|---|---|---|---|---|---|---|---|---|---|---|
| Universal Decimal Classification | General | Fundamental Scientific Library | Fundamental Scientific Library | 06/11/2025 | AII/113646 | FL0700017 | 06/11/2025 | 05/12/2025 | Գրքեր / Books | 30 Days Loan | |||||
| Universal Decimal Classification | General | Fundamental Scientific Library | Fundamental Scientific Library | 06/11/2025 | AII/113647 | FL0700018 | 06/11/2025 | 05/12/2025 | Գրքեր / Books | 30 Days Loan | |||||
| Universal Decimal Classification | General | Fundamental Scientific Library | Fundamental Scientific Library | 06/11/2025 | AII/113648 | FL0700019 | 06/11/2025 | 05/12/2025 | Գրքեր / Books | 30 Days Loan | |||||
| Universal Decimal Classification | General | Fundamental Scientific Library | Fundamental Scientific Library | 18/11/2025 | AII/113690 | FL0700901 | 18/11/2025 | 05/12/2025 | Գրքեր / Books | 30 Days Loan | |||||
| Universal Decimal Classification | General | Fundamental Scientific Library | Fundamental Scientific Library | 10/03/2026 | AII/114350 | FL0703649 | 10/03/2026 | 10/03/2026 | Գրքեր / Books | Սպասարկվում է 30 օրով |
ՀՀ Գիտությունների ազգային ակադեմիայի հիմնարար գիտական գրադարան = Fundamental Scientific Library of NAS RA
All site content, except where otherwise noted, is licensed under a